=LDR 00000nam 2200000 4500 =001 NUTBA000000000001101 =005 20140412122144.0 =006 =007 =008 =020 ##$$a 978-6025-8674-10-2 =035 ##$$a 0010-041400000000371 =082 ##$$a 612.63 =090 ##$$a 612.63 Pri k =100 ##$$a Pribakti B $c Dr.,SpOG =245 ##$$a Kiat Mendaoatkan Bayi "Normal" =260 ##$$a Jakarta $b Sagung seto $c 2010 =300 ##$$a viii,135 hlm $b ilus $c 21 cm. =850 ##$$a NBPNMAT =990 ##$$a 93537/BPAP-NTB/2014